000 00804nas a2200265 4500
001 BR0302075
003 BR-BrBNA
005 20231205103730.0
007 ta
008 230509b bl.|||p| |||| 00| 00por d
040 _aBR-BrBNA
_bpor
_cBiblioteca Nacional de Agricultura
041 _a(Pt)
072 _aF02
100 1 _aViana, A.E.S.
100 1 _aSediyama, S.C.
100 1 _aCecon, P.R.
100 1 _aSilva, A.A. da
245 1 _aAvaliação de métodos de preparo de manivas de mandioca (Manihot esculenta Crantz)
650 _aMANDIOCA
650 _aMANIVA
650 _aENRAIZAMENTO
773 0 _tCiência e Agrotecnologia (Brazil)
_xISSN 1413-7054
_g(Dec 2002), v. 26(edição especial) p. 1383-1390
_wBR0302075
909 _a202311
_bLúcia
_c55
_dLúcia Elande
942 _2AGRIS
_n0
_cANA
999 _c174429
_d174429